| 000 | 00463cam a2200181ua 4500 | ||
|---|---|---|---|
| 020 | _cRs.595.00 | ||
| 041 |
_aeng _h |
||
| 082 |
_a631.584 _bDAH/OR |
||
| 100 | _aDahama, A.K . | ||
| 245 |
_aOrganic farming for sustainable agriculture / _cA.K.Dahama. _hTextual Documents |
||
| 250 |
_a2 / _b. |
||
| 260 |
_aJodhpur : _bAgrobios (India) , _c2003. |
||
| 300 | _a276 ; . | ||
| 365 | _aRs.595.00 | ||
| 504 | _a | ||
| 942 | _cBK | ||
| 999 |
_c11187 _d11187 |
||